00800nam a2200229 i 4500001000400000100002000004245008900024260009300113300002200206490002300228650002300251830002300274020002100297040000800318041000800326920002400334942000700358008004100365999001700406856009800423952004900521bgj1 aTETERIS, Sylvia10aSnow White and the Seven Dwarfs /cSylvia Teteris ; illustrated by Wanda Orlińska. aWarszawa :bWydawnictwa Szkolne i Pedagogiczne,c1995e(Poznań :fZakłady Graficzne). a1 audio cassette.1 aPlays for Children 9aPlays for children aPlays for Children a8302057894 (pbk) cBPK0 aeng a83-02-05789-4 (pbk) cKS s uk f |000 0 eng  c50906d50906 uhttp://koha.tu.koszalin.pl/cgi-bin/koha/opac-detail.pl?biblionumber=50906yKatalog online BPK 00104071aBPKbBPKcmhoK 62p09086784yTM